How to Enjoy Your Life and Your Job (Record no. 10492)

MARC details
000 -LEADER
fixed length control field 00354nam a22001457a 4500
003 - CONTROL NUMBER IDENTIFIER
control field OSt
008 - FIXED-LENGTH DATA ELEMENTS--GENERAL INFORMATION
fixed length control field 210223b ||||| |||| 00| 0 eng d
020 ## - INTERNATIONAL STANDARD BOOK NUMBER
International Standard Book Number 9788187057635
100 ## - MAIN ENTRY--PERSONAL NAME
Personal name CARNEGIE, Dale
245 ## - TITLE STATEMENT
Title How to Enjoy Your Life and Your Job
260 ## - PUBLICATION, DISTRIBUTION, ETC. (IMPRINT)
Place of publication, distribution, etc New Delhi
Name of publisher, distributor, etc Seekosity Books
300 ## - PHYSICAL DESCRIPTION
Extent 208
650 ## - SUBJECT ADDED ENTRY--TOPICAL TERM
Topical term or geographic name as entry element General Books
942 ## - ADDED ENTRY ELEMENTS (KOHA)
Source of classification or shelving scheme Dewey Decimal Classification
Koha item type Text Books
Holdings
Withdrawn status Lost status Source of classification or shelving scheme Damaged status Not for loan Collection code Home library Current library Date acquired Source of acquisition Currency Cost, normal purchase price Bill Number Total Checkouts Acc. no. / Barcode Checked out Date last seen Date last borrowed Actual Cost, discounted price Bill Date Koha item type Public note
    Dewey Decimal Classification     GENERAL PIET C-LIBRARY PIET C-LIBRARY 08/02/2021 Kirti Prakashan Indian Rup 160.00 IN1508 1 32459 12/07/2022 13/01/2022 13/01/2022 120.00 06/02/2021 Text Books  
    Dewey Decimal Classification     GENERAL PIET C-LIBRARY PIET C-LIBRARY 08/02/2021 Kirti Prakashan Indian Rup 160.00 IN1508 2 32460 11/07/2024 13/01/2024 13/01/2024 120.00 06/02/2021 Text Books .

Design & Developed by: PIET Central Library
R70 Miles Stone Pattikalyana Samalkha Panipat 132102
mail ID :- [email protected], Phone No:- 0180-2569700 Ex.216